[Event "Ïåðâåíñòâî Ìîñêâû ïî øàõìàòàì 2015 ñðåäè"]
[Site "Moscow"]
[Date "2015.11.14"]
[Round "3.18"]
[White "Àáäóðàèìîâ, Ýñìåò."]
[Black "Èâàíîâ-×åðíåö, Êèðèëë."]
[Result "0-1"]
[WhiteElo "1688"]
[BlackElo "1491"]
[PlyCount "106"]
[EventDate "2015.11.12"]

1. e4 e6 2. d4 d5 3. Nc3 Nf6 4. Bg5 Be7 5. Bxf6 Bxf6 6. e5 Be7 7. Nf3 c5 8. Bd3
Nc6 9. O-O Qb6 10. dxc5 Bxc5 11. Na4 Qa5 12. c3 Be7 13. b4 Qc7 14. Re1 a6 15.
Qe2 Bd7 16. Nb2 O-O 17. Nd4 Nxd4 18. cxd4 Bxb4 19. Rac1 Qb6 20. Red1 Rac8 21.
Rb1 Qa7 22. Qh5 h6 23. g4 Be7 24. h4 Be8 25. g5 f5 26. Qe2 hxg5 27. hxg5 Bxg5
28. Kg2 Bg6 29. Na4 Be7 30. Nb6 Rc6 31. Qb2 Rd8 32. Rg1 Kf7 33. Kf1 Rh8 34. a4
Rh3 35. Rg3 Rxg3 36. fxg3 Bh5 37. a5 Bd8 38. Kg1 Bxb6 39. axb6 Qa8 40. Qh2 g6
41. Rf1 Kg7 42. Qh4 Rxb6 43. Qf6+ Kh7 44. Rxf5 gxf5 45. Qe7+ Kg8 46. Qg5+ Kf8
47. Qxh5 Qe8 48. Qh6+ Ke7 49. Bxf5 Qf7 50. Bg6 Qf8 51. Qc1 Kd7 52. Qd1 Rc6 53.
Bc2 Qc8 0-1

[Event "Ïåðâåíñòâî Ìîñêâû ïî øàõìàòàì 2015 ñðåäè"]
[Site "Moscow"]
[Date "2015.11.14"]
[Round "3.19"]
[White "Êàëèòà, Äàíèèë."]
[Black "Êàðëîâ, Åãîð."]
[Result "1-0"]
[WhiteElo "1448"]
[BlackElo "1681"]
[PlyCount "95"]
[EventDate "2015.11.12"]

1. d4 Nf6 2. c4 c5 3. e3 e6 4. Nf3 Nc6 5. Nc3 d5 6. cxd5 exd5 7. Bb5 a6 8. Ba4
cxd4 9. Nxd4 Bd7 10. Bb3 Bb4 11. Nde2 Be6 12. a3 Ba5 13. O-O O-O 14. Qd3 Qd7
15. Nd4 Nxd4 16. Qxd4 Bxc3 17. Qxc3 Rac8 18. Qd4 Qb5 19. Ba2 Rc7 20. a4 Qd7 21.
Bd2 Rc6 22. Bc3 Re8 23. Bb3 Bf5 24. a5 Re4 25. Qd2 Rc7 26. Bxf6 gxf6 27. Rfd1
Be6 28. Bc2 Rec4 29. Bd3 R4c5 30. h3 Bf5 31. b4 Rc3 32. Bxf5 Qxf5 33. Qxd5 Qxd5
34. Rxd5 Rc1+ 35. Rd1 Rxa1 36. Rxa1 Rc4 37. Rb1 Kf8 38. Kh2 Ke7 39. b5 Rc5 40.
bxa6 bxa6 41. Rb7+ Kf8 42. Kg3 Rxa5 43. Kf4 Rc5 44. Rb6 a5 45. Rxf6 Kg7 46. Ra6
f6 47. g4 Kg6 48. h4 1-0

[Event "Ïåðâåíñòâî Ìîñêâû ïî øàõìàòàì 2015 ñðåäè"]
[Site "Moscow"]
[Date "2015.11.14"]
[Round "3.20"]
[White "Òèøêèí, Áîðèñ."]
[Black "×èêîâàíè, Äàâèä."]
[Result "1-0"]
[WhiteElo "1390"]
[BlackElo "1642"]
[PlyCount "79"]
[EventDate "2015.11.12"]

1. d4 d5 2. c4 e6 3. Nc3 Nf6 4. Nf3 Be7 5. Bf4 a6 6. e3 O-O 7. c5 b6 8. b4 bxc5
9. bxc5 Nc6 10. Be2 h6 11. O-O Bd7 12. h3 Qc8 13. Rb1 Nh7 14. Qc2 Rd8 15. Bd3
Nf8 16. Ne2 a5 17. a3 Rb8 18. Rxb8 Qxb8 19. Rb1 Qa7 20. Nc3 Nb8 21. Ne5 Be8 22.
Bb5 c6 23. Be2 Nfd7 24. Qb3 Nxe5 25. Bxe5 Nd7 26. Bg3 Ra8 27. Bd3 Bd8 28. Qb7
Nf6 29. Be5 Qxb7 30. Rxb7 Nd7 31. Bd6 f6 32. Na4 Kh8 33. Nb6 Nxb6 34. cxb6 c5
35. dxc5 Bxb6 36. cxb6 Rc8 37. Rc7 Rb8 38. b7 Rd8 39. Rc8 Rxc8 40. bxc8=Q 1-0

[Event "Ïåðâåíñòâî Ìîñêâû ïî øàõìàòàì 2015 ñðåäè"]
[Site "Moscow"]
[Date "2015.11.14"]
[Round "3.21"]
[White "Âäîâèí, Ãåîðãèé."]
[Black "Äìèòðèåâ, Ëåîíèä."]
[Result "1/2-1/2"]
[WhiteElo "1640"]
[BlackElo "1475"]
[PlyCount "130"]
[EventDate "2015.11.12"]

1. d4 d5 2. Nf3 Nf6 3. Bf4 Bf5 4. e3 e6 5. a3 Bd6 6. Bxd6 Qxd6 7. Bd3 Bg6 8.
Ne5 Nbd7 9. Nxg6 hxg6 10. h3 e5 11. c3 e4 12. Be2 a6 13. Nd2 Nh7 14. c4 c6 15.
cxd5 cxd5 16. Rc1 O-O 17. O-O Rac8 18. Qb3 b5 19. Rc2 Nb6 20. Rfc1 Nc4 21. Qa2
Rce8 22. Bxc4 dxc4 23. b3 cxb3 24. Qxb3 Qe6 25. Rc6 Qxb3 26. Nxb3 Nf6 27. Nc5
Rc8 28. Nxa6 Rxc6 29. Rxc6 Ra8 30. Nc7 Rxa3 31. Rc1 Rb3 32. Kf1 Kf8 33. Rc2 b4
34. Ke2 Rb1 35. Kd2 b3 36. Rc1 Rb2+ 37. Kc3 Rxf2 38. Kxb3 Rxg2 39. d5 Ke7 40.
Rd1 Re2 41. d6+ Kd7 42. Na6 Rxe3+ 43. Kc4 Ra3 44. Nc5+ Kd8 45. Nb7+ Kc8 46. Nc5
Kd8 47. Nb7+ Kc8 48. Nc5 Ra7 49. Kb5 e3 50. Kc6 e2 51. Re1 Ra2 52. d7+ Nxd7 53.
Nxd7 Rc2+ 54. Nc5 Kd8 55. Kd5 Ke7 56. Kd4 Kf6 57. Ne4+ Kf5 58. Ng3+ Kg5 59.
Nxe2 Kh4 60. Ke4 f5+ 61. Kf4 Rc4+ 62. Kf3 g5 63. Rg1 Ra4 64. Rh1 Ra3+ 65. Kg2
Rd3 1/2-1/2

[Event "Ïåðâåíñòâî Ìîñêâû ïî øàõìàòàì 2015 ñðåäè"]
[Site "Moscow"]
[Date "2015.11.14"]
[Round "3.22"]
[White "Öûìáàë, Åâãåíèé."]
[Black "Ìàêñèìåíêî, Àðñåíèé."]
[Result "1-0"]
[WhiteElo "1628"]
[BlackElo "1451"]
[PlyCount "81"]
[EventDate "2015.11.12"]

1. e4 e5 2. Nf3 Nc6 3. Bb5 a6 4. Ba4 b5 5. Bb3 Nf6 6. O-O Be7 7. d4 exd4 8. e5
Ng4 9. Bd5 Rb8 10. Bxc6 dxc6 11. h3 Nh6 12. Bxh6 gxh6 13. Nxd4 c5 14. Nc6 Qxd1
15. Rxd1 Rb6 16. Nxe7 Kxe7 17. Nc3 Be6 18. f4 b4 19. Ne4 Rc6 20. g4 Rg8 21. Kf2
h5 22. f5 Bc8 23. Nf6 Rxf6 24. exf6+ Kxf6 25. gxh5 Bxf5 26. Rg1 Rxg1 27. Rxg1
Bxc2 28. Rc1 Be4 29. Rxc5 c6 30. Ke3 Bd5 31. Kf4 h6 32. a4 bxa3 33. bxa3 Ke6
34. Ra5 Kd6 35. Rxa6 Ke7 36. Ke5 Kf8 37. Kf6 Kg8 38. Ra8+ Kh7 39. Rd8 Bb3 40.
Rb8 Bd5 41. a4 1-0

[Event "Ïåðâåíñòâî Ìîñêâû ïî øàõìàòàì 2015 ñðåäè"]
[Site "Moscow"]
[Date "2015.11.14"]
[Round "3.23"]
[White "Èâàíîâ, Ñòåïàí."]
[Black "Âèíîêóð, Ëåîíèä."]
[Result "0-1"]
[WhiteElo "1381"]
[BlackElo "1625"]
[PlyCount "52"]
[EventDate "2015.11.12"]

1. d4 Nf6 2. Nf3 g6 3. Nc3 d5 4. Bf4 Bg7 5. e3 c6 6. Be2 O-O 7. Ne5 Nbd7 8. h4
Nxe5 9. Bxe5 Qa5 10. Bxf6 Bxf6 11. f4 Bf5 12. g4 Be4 13. Bf3 Rfd8 14. Kf2 c5
15. g5 Bg7 16. h5 cxd4 17. exd4 Qb4 18. Ne2 Rac8 19. c3 Qxb2 20. Qc1 Bxd4+ 21.
cxd4 Rxc1 22. Raxc1 Bd3 23. Ke3 Bxe2 24. Bxe2 Qa3+ 25. Kf2 Qd6 26. Ke3 Qe6+ 0-1

[Event "Ïåðâåíñòâî Ìîñêâû ïî øàõìàòàì 2015 ñðåäè"]
[Site "Moscow"]
[Date "2015.11.14"]
[Round "3.24"]
[White "Àõìåòøèí, Àëåêñàíäð."]
[Black "Ñìåëûõ, Ýäâèí."]
[Result "1-0"]
[WhiteElo "1617"]
[BlackElo "1381"]
[PlyCount "71"]
[EventDate "2015.11.12"]

1. e4 c5 2. Nf3 d6 3. d4 cxd4 4. Nxd4 Nf6 5. Nc3 g6 6. f3 Nc6 7. Be3 Bg7 8. Bc4
Bd7 9. Qd2 Rc8 10. Bb3 h5 11. O-O-O Na5 12. Kb1 Nc4 13. Bxc4 Rxc4 14. Qd3 Rc8
15. h3 Bh6 16. Bxh6 Rxh6 17. f4 Qa5 18. Nb3 Qd8 19. e5 dxe5 20. fxe5 Ng8 21.
Qf3 Qc7 22. Rhf1 Rh7 23. Qe2 Qc4 24. Qd2 Qc7 25. Qe3 a6 26. Nd4 Qc5 27. Qf3 Bc6
28. Nxc6 Qxc6 29. Qe2 Nh6 30. g4 hxg4 31. hxg4 Ng8 32. Ne4 Qc4 33. Qxc4 Rxc4
34. Ng5 Rg7 35. e6 fxe6 36. Nxe6 1-0

[Event "Ïåðâåíñòâî Ìîñêâû ïî øàõìàòàì 2015 ñðåäè"]
[Site "Moscow"]
[Date "2015.11.14"]
[Round "3.25"]
[White "Æóê, Êèðèëë."]
[Black "Î÷èðîâ, Ëèäæè."]
[Result "0-1"]
[WhiteElo "1351"]
[BlackElo "1605"]
[PlyCount "60"]
[EventDate "2015.11.12"]

1. e4 e5 2. Nf3 Nc6 3. Bc4 Nf6 4. d3 Bc5 5. c3 O-O 6. O-O d6 7. Nbd2 Bg4 8. h3
Bh5 9. Re1 Qd7 10. Bb3 b5 11. Nf1 a6 12. Ng3 Bg6 13. Bg5 Nh5 14. Be3 Bxe3 15.
Rxe3 Nxg3 16. fxg3 Rad8 17. Bc2 d5 18. exd5 Qxd5 19. Qd2 h6 20. Rae1 Qxa2 21.
d4 Qxb2 22. Bxg6 Qxd2 23. Bxf7+ Kxf7 24. Nxd2 exd4 25. cxd4 Nxd4 26. Rf1+ Kg8
27. Rxf8+ Kxf8 28. Rd3 c5 29. Nf3 Nxf3+ 30. Rxf3+ Ke7 0-1

[Event "Ïåðâåíñòâî Ìîñêâû ïî øàõìàòàì 2015 ñðåäè"]
[Site "Moscow"]
[Date "2015.11.14"]
[Round "3.26"]
[White "Êèðååâ, Èãîðü."]
[Black "Øèÿôåòäèíîâ, Äàíèèë."]
[Result "1-0"]
[WhiteElo "1563"]
[BlackElo "1334"]
[PlyCount "85"]
[EventDate "2015.11.12"]

1. e4 e5 2. Nf3 Nc6 3. Bc4 Bc5 4. c3 Nf6 5. d3 d6 6. O-O Bg4 7. a4 a6 8. Nbd2
O-O 9. b4 Ba7 10. Qb3 Bxf3 11. Nxf3 Ne7 12. Be3 h6 13. Bxa7 Rxa7 14. Rae1 Ng6
15. d4 Qe7 16. dxe5 Nxe5 17. Nxe5 Qxe5 18. f4 Qe7 19. e5 Nh7 20. exd6 Qxd6 21.
Re5 Raa8 22. Rd1 Qb6+ 23. Kh1 Qf6 24. Rd7 Qxf4 25. Ree7 Qc1+ 26. Rd1 Qf4 27.
Rf1 Qd6 28. Rexf7 Rxf7 29. Rxf7 Kh8 30. Qc2 Rf8 31. Qd3 Qxd3 32. Rxf8+ Nxf8 33.
Bxd3 g5 34. Bf5 b6 35. a5 bxa5 36. bxa5 Kg7 37. Bc8 Kf7 38. Bxa6 Nd7 39. Bb7
Kf6 40. a6 Ke5 41. a7 Nb6 42. a8=Q Nxa8 43. Bxa8 1-0

[Event "Ïåðâåíñòâî Ìîñêâû ïî øàõìàòàì 2015 ñðåäè"]
[Site "Moscow"]
[Date "2015.11.14"]
[Round "3.27"]
[White "Êàçàêîâ, Ãëåá."]
[Black "Ïåòóõîâ, Íèêèòà."]
[Result "1-0"]
[WhiteElo "1522"]
[BlackElo "1246"]
[PlyCount "111"]
[EventDate "2015.11.12"]

1. e4 Nf6 2. Nc3 d5 3. e5 d4 4. exf6 dxc3 5. fxe7 cxd2+ 6. Qxd2 Qxd2+ 7. Bxd2
Bxe7 8. Nf3 Bf5 9. c3 Nd7 10. Bc4 Nb6 11. Bb3 c5 12. O-O O-O 13. Rfe1 Rfe8 14.
Re5 Bg6 15. Rae1 Kf8 16. R5e2 c4 17. Bd1 Bd3 18. Re3 Nd5 19. Re5 Rad8 20. Ba4
f6 21. Rh5 Bg6 22. Rh3 Bf5 23. Rh4 Bd7 24. Bxd7 Rxd7 25. Rxc4 b5 26. Rd4 Red8
27. Rde4 Bc5 28. Nd4 Nc7 29. Be3 Bxd4 30. Bxd4 Nd5 31. g3 Kf7 32. f3 b4 33. c4
Nb6 34. Bxb6 axb6 35. R4e3 Rc7 36. Rc1 Rd2 37. Rb3 b5 38. Rxb4 bxc4 39. Rcxc4
Rxc4 40. Rxc4 Rxb2 41. a4 Rb7 42. a5 Ra7 43. Ra4 Ke7 44. Kg2 Kd6 45. f4 Kc5 46.
Kf3 f5 47. g4 g6 48. gxf5 gxf5 49. h4 h5 50. Ke3 Re7+ 51. Kf2 Ra7 52. Kf3 Re7
53. a6 Ra7 54. Ra5+ Kb6 55. Rxf5 Kxa6 56. Rxh5 1-0

[Event "Ïåðâåíñòâî Ìîñêâû ïî øàõìàòàì 2015 ñðåäè"]
[Site "Moscow"]
[Date "2015.11.14"]
[Round "3.29"]
[White "Èëüþøèí, Òèìîôåé."]
[Black "Êàðàåâ, Àðòóð."]
[Result "0-1"]
[WhiteElo "1336"]
[BlackElo "1462"]
[PlyCount "62"]
[EventDate "2015.11.12"]

1. d4 d5 2. Nf3 Nf6 3. e3 Bf5 4. Bd3 Bxd3 5. Qxd3 Nbd7 6. Nbd2 e6 7. b3 Bd6 8.
Bb2 Qe7 9. h3 a6 10. Ne5 Bb4 11. f3 Nxe5 12. dxe5 Nd7 13. O-O-O Qg5 14. g4 Nxe5
15. Qd4 Bxd2+ 16. Rxd2 Nxf3 17. Qxg7 Qxg7 18. Bxg7 Nxd2 19. Bxh8 Ne4 20. Be5 c5
21. c4 f6 22. Bc7 Rc8 23. Ba5 b5 24. cxd5 exd5 25. Rd1 c4 26. Rxd5 cxb3+ 27.
Kb2 bxa2 28. Kxa2 Rc4 29. Rd4 Rxd4 30. exd4 Nf2 31. h4 Nxg4 0-1

[Event "Ïåðâåíñòâî Ìîñêâû ïî øàõìàòàì 2015 ñðåäè"]
[Site "Moscow"]
[Date "2015.11.14"]
[Round "3.31"]
[White "Ãåðàñèìîâ, Âàäèì."]
[Black "Íèêóëüøèí, Àëåêñåé."]
[Result "1-0"]
[WhiteElo "1299"]
[BlackElo "1440"]
[PlyCount "101"]
[EventDate "2015.11.12"]

1. e4 e6 2. d4 d5 3. Nd2 dxe4 4. Nxe4 Nd7 5. Nf3 Ngf6 6. Nxf6+ Nxf6 7. Bd3 Be7
8. O-O O-O 9. Ne5 Qd5 10. c4 Qd8 11. Be3 Bd6 12. Bg5 h6 13. Bh4 Be7 14. Re1 Nd7
15. Bg3 Nxe5 16. Bxe5 Bd6 17. Qd2 b6 18. Be4 Rb8 19. Rad1 Bb7 20. Bxb7 Rxb7 21.
Qf4 Bxe5 22. dxe5 Qe7 23. Qd4 c5 24. Qd6 Re8 25. Re2 Kf8 26. Red2 Rc8 27. Kf1
Ke8 28. b3 Rcc7 29. h3 Rd7 30. Qc6 Rbc7 31. Qa8+ Qd8 32. Qxd8+ Kxd8 33. Ke2
Rxd2+ 34. Rxd2+ Rd7 35. Rd3 Rxd3 36. Kxd3 Kd7 37. Ke4 Ke7 38. f4 f6 39. g4 fxe5
40. Kxe5 g6 41. h4 a6 42. f5 exf5 43. gxf5 g5 44. hxg5 hxg5 45. f6+ Kf7 46. Kf5
g4 47. Kxg4 Kxf6 48. Kf4 Ke6 49. Ke4 Kd6 50. Kf5 Kc6 51. Ke6 1-0

[Event "Ïåðâåíñòâî Ìîñêâû ïî øàõìàòàì 2015 ñðåäè"]
[Site "Moscow"]
[Date "2015.11.14"]
[Round "3.33"]
[White "Áîãåð, Þðèé."]
[Black "Èâàíîâ, Èëüÿ."]
[Result "1/2-1/2"]
[WhiteElo "1321"]
[BlackElo "1544"]
[PlyCount "83"]
[EventDate "2015.11.12"]

1. e4 e6 2. d4 d5 3. exd5 exd5 4. Bd3 Nf6 5. Ne2 Bd6 6. Bf4 Bg4 7. f3 Bh5 8.
O-O O-O 9. Bxd6 Qxd6 10. c3 Nbd7 11. Ng3 Bg6 12. Bxg6 hxg6 13. Qd2 Rfe8 14. Na3
Re7 15. Rfe1 Rae8 16. Nc2 Nb6 17. b3 c5 18. Kf1 c4 19. Kf2 Nh5 20. Nxh5 gxh5
21. g3 h4 22. Rxe7 Rxe7 23. Re1 Rxe1 24. Qxe1 hxg3+ 25. hxg3 Qh6 26. Kg2 Qg6
27. Qe2 a5 28. Kf2 a4 29. b4 Qh6 30. Kg2 Qc1 31. a3 Qb2 32. Qd2 Nc8 33. Kh3 Nd6
34. Qf4 Nb5 35. Qb8+ Kh7 36. Qxb7 Qxc2 37. Qxb5 Qxc3 38. Qxd5 Qxa3 39. Qxf7
Qxb4 40. Qh5+ Kg8 41. Qe8+ Kh7 42. Qh5+ 1/2-1/2

[Event "Ïåðâåíñòâî Ìîñêâû ïî øàõìàòàì 2015 ñðåäè"]
[Site "Moscow"]
[Date "2015.11.14"]
[Round "3.35"]
[White "Èâàñåíêî, Äìèòðèé."]
[Black "Ïàâëîâ, Èâàí."]
[Result "0-1"]
[WhiteElo "1428"]
[BlackElo "1394"]
[PlyCount "78"]
[EventDate "2015.11.12"]

1. e4 e6 2. d4 d5 3. e5 c5 4. c3 Qb6 5. Nf3 Nc6 6. Bd3 Bd7 7. Be2 Nh6 8. Bxh6
Qxb2 9. Bc1 Qxa1 10. Qc2 cxd4 11. Bd2 Rc8 12. Bb5 Ba3 13. cxd4 Qb2 14. Nxa3
Qxa3 15. O-O a6 16. Bxc6 Bxc6 17. Be3 O-O 18. Rb1 Bb5 19. Qb2 Qxb2 20. Rxb2 Rc7
21. h3 Rfc8 22. Nd2 Rc2 23. Rxc2 Rxc2 24. Nb1 Rxa2 25. Nc3 Ra1+ 26. Kh2 Bc4 27.
Kg3 b5 28. Kf3 b4 29. Bd2 bxc3 30. Bxc3 Ra3 31. Kg3 Rxc3+ 32. f3 a5 33. Kg4 a4
34. g3 a3 35. f4 a2 36. Kh4 a1=Q 37. g4 Qe1+ 38. Kg5 h6+ 39. Kh5 Rxh3# 0-1

[Event "Ïåðâåíñòâî Ìîñêâû ïî øàõìàòàì 2015 ñðåäè"]
[Site "Moscow"]
[Date "2015.11.14"]
[Round "3.36"]
[White "Ôåéçóëëèí, Äàíèÿð."]
[Black "Èâàíîâ, Åãîð."]
[Result "1-0"]
[WhiteElo "1419"]
[BlackElo "1348"]
[PlyCount "83"]
[EventDate "2015.11.12"]

1. e4 c5 2. Nf3 e6 3. d4 cxd4 4. Nxd4 a6 5. c4 Qc7 6. Nc3 Nf6 7. f3 Bc5 8. Be3
Nc6 9. Nxe6 dxe6 10. Bxc5 b6 11. Bf2 O-O 12. Bg3 Qd7 13. Qxd7 Nxd7 14. O-O-O f6
15. Rd6 Nd8 16. Be2 Re8 17. Rhd1 Nb7 18. R6d2 Nbc5 19. Bf2 Rb8 20. Bxc5 Nxc5
21. b3 Bd7 22. Rxd7 Nxd7 23. Rxd7 Kf8 24. h3 Red8 25. Rxd8+ Rxd8 26. c5 Rc8 27.
Bxa6 Rxc5 28. Bc4 Ke7 29. a4 h6 30. g4 g5 31. Nb5 e5 32. Nc3 Kf8 33. Nd5 Rc6
34. Kb2 Kg7 35. Ne7 Rc7 36. Nf5+ Kh7 37. Bd5 Rc5 38. Nd6 Kg6 39. Nc4 b5 40. b4
Rxc4 41. Bxc4 bxc4 42. a5 1-0

[Event "Ïåðâåíñòâî Ìîñêâû ïî øàõìàòàì 2015 ñðåäè"]
[Site "Moscow"]
[Date "2015.11.14"]
[Round "3.37"]
[White "Ãóáàíîâ, Òèìîôåé."]
[Black "Ëóòàí, Ãëåá."]
[Result "0-1"]
[WhiteElo "1418"]
[BlackElo "1320"]
[PlyCount "66"]
[EventDate "2015.11.12"]

1. e4 c6 2. d4 d5 3. exd5 cxd5 4. c4 dxc4 5. Bxc4 e6 6. Nf3 Nf6 7. Bg5 Be7 8.
Nc3 O-O 9. O-O Nc6 10. a3 h6 11. Bh4 a6 12. Ne2 b5 13. Bd3 Nd5 14. Bxe7 Qxe7
15. Rc1 Bb7 16. Ne5 Nxe5 17. dxe5 f6 18. exf6 Qxf6 19. Ng3 Nf4 20. Be4 Bxe4 21.
Nxe4 Qg6 22. Ng3 Rad8 23. Qc2 Qg5 24. Rfd1 h5 25. Rxd8 Rxd8 26. h4 Qxh4 27. Ne4
Nd3 28. Rd1 Qxe4 29. Kh2 Kf7 30. Qc7+ Ke8 31. Qxg7 Qh4+ 32. Kg1 Qxf2+ 33. Kh1
Qf7 0-1

[Event "Ïåðâåíñòâî Ìîñêâû ïî øàõìàòàì 2015 ñðåäè"]
[Site "Moscow"]
[Date "2015.11.15"]
[Round "4.1"]
[White "Ñòóêàí, Ìàðòèí."]
[Black "Ïîãîñÿí, Ñòåôàí."]
[Result "1-0"]
[WhiteElo "1910"]
[BlackElo "2057"]
[PlyCount "71"]
[EventDate "2015.11.12"]

1. e4 e6 2. d4 d5 3. Nc3 Bb4 4. e5 c5 5. a3 Bxc3+ 6. bxc3 Ne7 7. a4 Nbc6 8. Nf3
h6 9. Bd3 Bd7 10. O-O Rc8 11. Ba3 c4 12. Be2 Qa5 13. Qd2 Qa6 14. Rfb1 b6 15.
Qf4 Nf5 16. h4 h5 17. Qg5 Qxa4 18. Ne1 Qa6 19. Bxh5 Qb7 20. g4 g6 21. Bxg6 Rg8
22. gxf5 exf5 23. h5 Be6 24. Qf6 Nd8 25. Ng2 fxg6 26. hxg6 Rc7 27. Kf1 f4 28.
Nxf4 Qc8 29. Bd6 Rb7 30. Ke2 Bg4+ 31. f3 Bf5 32. Rh1 Ne6 33. Nxd5 Rbg7 34. Ne7
Qd7 35. Nxg8 Rxg6 36. Qxg6+ 1-0

[Event "Ïåðâåíñòâî Ìîñêâû ïî øàõìàòàì 2015 ñðåäè"]
[Site "Moscow"]
[Date "2015.11.15"]
[Round "4.2"]
[White "Ïðèâàëîâ, Èãîðü."]
[Black "Òàðàñîâ, Äàíèëà."]
[Result "0-1"]
[WhiteElo "2011"]
[BlackElo "1893"]
[PlyCount "100"]
[EventDate "2015.11.12"]

1. e4 c5 2. Nf3 Nc6 3. d4 cxd4 4. Nxd4 g6 5. c4 Bg7 6. Be3 Nf6 7. Nc3 Ng4 8.
Qxg4 Nxd4 9. Qd1 Ne6 10. Qd2 O-O 11. Be2 d6 12. O-O Qa5 13. Rad1 Kh8 14. Bh6
Bd7 15. Bxg7+ Nxg7 16. Nd5 Qxd2 17. Rxd2 Rae8 18. c5 Bc6 19. cxd6 exd6 20. f3
f5 21. Nb4 fxe4 22. Nxc6 bxc6 23. fxe4 Rxf1+ 24. Kxf1 Rd8 25. e5 Rf8+ 26. Kg1
dxe5 27. Bg4 h5 28. Bh3 g5 29. g3 Rf6 30. Rd8+ Kh7 31. Bg2 g4 32. Rd7 a5 33. h4
gxh3 34. Bxh3 Kg6 35. Kg2 Nf5 36. Bxf5+ Kxf5 37. Ra7 Rd6 38. Rf7+ Ke4 39. Rf2
Rd3 40. Rc2 Kd4 41. Rxc6 Rd2+ 42. Kf1 Rxb2 43. Rh6 Rxa2 44. Rxh5 a4 45. g4 a3
46. g5 Rb2 47. Rh4+ e4 48. Rh3 a2 49. Ra3 Rb1+ 50. Kg2 a1=Q 0-1

[Event "Ïåðâåíñòâî Ìîñêâû ïî øàõìàòàì 2015 ñðåäè"]
[Site "Moscow"]
[Date "2015.11.15"]
[Round "4.3"]
[White "Ìàêàðÿí, Ðóäèê."]
[Black "Êóæåëåâ, Òèìóð."]
[Result "1-0"]
[WhiteElo "1988"]
[BlackElo "1594"]
[PlyCount "117"]
[EventDate "2015.11.12"]

1. e4 e5 2. Nf3 d5 3. Nxe5 Bd6 4. d4 dxe4 5. Nc4 Nf6 6. Nxd6+ Qxd6 7. Be2 Nc6
8. Be3 Nd5 9. c4 Nxe3 10. fxe3 Bd7 11. Nc3 f5 12. a3 O-O-O 13. Qd2 Qg6 14. g3
Be6 15. Na4 Ne5 16. Qa5 Nxc4 17. Qxa7 Kd7 18. d5 Bxd5 19. Bxc4 Bxc4 20. Qd4+
Qd6 21. Qxc4 Ke7 22. O-O Qe5 23. Rfd1 Kf6 24. Qc3 Qxc3 25. Nxc3 Kg5 26. Kf2 Rd3
27. Rxd3 exd3 28. Rd1 Rd8 29. e4 f4 30. Kf3 fxg3 31. hxg3 c5 32. b3 Rf8+ 33.
Kg2 Rd8 34. Nd5 Re8 35. Kf3 Rf8+ 36. Nf4 Ra8 37. Rxd3 Rxa3 38. Ne6+ Kh5 39.
Nxc5 b6 40. Ne6 g5 41. e5 Kg6 42. g4 h6 43. Ke4 Kf7 44. Kf5 Ra1 45. Rd7+ Ke8
46. Rh7 Rf1+ 47. Ke4 Re1+ 48. Kd5 Rd1+ 49. Nd4 h5 50. gxh5 g4 51. Rg7 Rh1 52.
Rxg4 Rxh5 53. Rg7 b5 54. Nxb5 Kf8 55. Rb7 Ke8 56. Nd6+ Kd8 57. Kc6 Rh7 58. Rb8+
Ke7 59. Re8# 1-0

[Event "Ïåðâåíñòâî Ìîñêâû ïî øàõìàòàì 2015 ñðåäè"]
[Site "Moscow"]
[Date "2015.11.15"]
[Round "4.4"]
[White "Ðóñòàìîâ, Ñåçãèí."]
[Black "Èâëåâ, Àëåêñàíäð."]
[Result "1-0"]
[WhiteElo "1351"]
[BlackElo "1588"]
[PlyCount "73"]
[EventDate "2015.11.12"]

1. e4 c6 2. Nf3 d5 3. Nc3 dxe4 4. Nxe4 Nf6 5. Nxf6+ exf6 6. d4 Be7 7. Be2 Bg4
8. O-O O-O 9. Bf4 Nd7 10. h3 Bxf3 11. Bxf3 Nb6 12. c3 Bd6 13. Bxd6 Qxd6 14. Qb3
Rad8 15. Rad1 Qc7 16. Rfe1 h6 17. Rd2 Rfe8 18. Rde2 Qb8 19. Bh5 g6 20. Bxg6 Nd5
21. Bh5 Rxe2 22. Rxe2 Qc7 23. c4 Nb6 24. Qc3 Qf4 25. Rd2 Qf5 26. Bd1 Re8 27. b3
Kh8 28. Rd3 Nc8 29. Qd2 Qg5 30. Qxg5 fxg5 31. Re3 Rd8 32. Bg4 Nb6 33. Re7 Rxd4
34. Rxb7 Rd2 35. Rxa7 Rb2 36. Ra6 Nxc4 37. bxc4 1-0

[Event "Ïåðâåíñòâî Ìîñêâû ïî øàõìàòàì 2015 ñðåäè"]
[Site "Moscow"]
[Date "2015.11.15"]
[Round "4.5"]
[White "Ëóïîëîâ, Áîðèñ."]
[Black "Ñààêÿí, Âààãí."]
[Result "1-0"]
[WhiteElo "1889"]
[BlackElo "1902"]
[PlyCount "67"]
[EventDate "2015.11.12"]

1. d4 d5 2. c4 c6 3. Nd2 Nf6 4. Ngf3 Bf5 5. Nh4 Be4 6. f3 Bg6 7. Qb3 Qc7 8. g4
e6 9. g5 Nh5 10. Nxg6 hxg6 11. h4 Bd6 12. cxd5 exd5 13. e3 Ng3 14. Rh3 Nf5 15.
f4 Rxh4 16. Nf3 Rxh3 17. Bxh3 Nd7 18. Bd2 O-O-O 19. O-O-O Kb8 20. Kb1 Rh8 21.
Bxf5 gxf5 22. Qc2 g6 23. Bc3 Qd8 24. Qg2 Rh5 25. Ne5 Bxe5 26. dxe5 Nc5 27. Bd4
Ne4 28. b4 a5 29. a3 axb4 30. axb4 Kc7 31. Qa2 Qb8 32. Qa1 Rh2 33. e6 fxe6 34.
Be5+ 1-0

[Event "Ïåðâåíñòâî Ìîñêâû ïî øàõìàòàì 2015 ñðåäè"]
[Site "Moscow"]
[Date "2015.11.15"]
[Round "4.6"]
[White "Àí÷èêîâ, Âëàäèìèð."]
[Black "Ñóááîòèí, Ìóðàò."]
[Result "1-0"]
[WhiteElo "1691"]
[BlackElo "1862"]
[PlyCount "95"]
[EventDate "2015.11.12"]

1. e4 e5 2. Nf3 Nc6 3. Nc3 Nf6 4. Bb5 Bc5 5. O-O d6 6. d4 exd4 7. Nxd4 Bxd4 8.
Qxd4 Bd7 9. Bxc6 Bxc6 10. Bg5 O-O 11. Nd5 Bxd5 12. exd5 h6 13. Bh4 Re8 14. Rfe1
g5 15. Rxe8+ Nxe8 16. Bg3 Qf6 17. Qb4 b6 18. Re1 Ng7 19. c3 Re8 20. Rxe8+ Nxe8
21. Qa4 Qe7 22. Kf1 a5 23. Qd4 Nf6 24. f3 Nd7 25. Kf2 Nc5 26. h4 Nd7 27. hxg5
hxg5 28. Qg4 Nc5 29. Qd4 Nd7 30. Kf1 Nf6 31. Bf2 Nd7 32. Be3 f6 33. Bf2 Ne5 34.
Qe4 Qh7 35. Qxh7+ Kxh7 36. Bd4 Kg6 37. Ke2 a4 38. b3 axb3 39. axb3 f5 40. g3 f4
41. gxf4 gxf4 42. Bxe5 dxe5 43. Kd3 Kf5 44. c4 Kg5 45. Ke4 Kf6 46. b4 b5 47.
cxb5 Ke7 48. Kxe5 1-0

[Event "Ïåðâåíñòâî Ìîñêâû ïî øàõìàòàì 2015 ñðåäè"]
[Site "Moscow"]
[Date "2015.11.15"]
[Round "4.7"]
[White "Ïîëÿêîâ, Àíòîí."]
[Black "Çàêèðîâ, Àðòóð."]
[Result "0-1"]
[WhiteElo "1797"]
[BlackElo "1648"]
[PlyCount "42"]
[EventDate "2015.11.12"]

1. d4 d5 2. Nf3 Nf6 3. Bg5 Ne4 4. Bf4 e6 5. e3 Bd6 6. Bxd6 cxd6 7. Nbd2 O-O 8.
Bd3 f5 9. O-O Nc6 10. c3 Qe7 11. Qc2 Bd7 12. Nb3 Rf6 13. Rfe1 Rh6 14. Nfd2 Qh4
15. Nf1 Rc8 16. a3 Rf8 17. Nc1 Rff6 18. f3 Qxe1 19. fxe4 fxe4 20. Be2 Qf2+ 21.
Kh1 Qxf1+ 0-1

[Event "Ïåðâåíñòâî Ìîñêâû ïî øàõìàòàì 2015 ñðåäè"]
[Site "Moscow"]
[Date "2015.11.15"]
[Round "4.8"]
[White "Êóðóñü, Àðòåì."]
[Black "Áóþêëè, Åãîð."]
[Result "0-1"]
[WhiteElo "1630"]
[BlackElo "1783"]
[PlyCount "58"]
[EventDate "2015.11.12"]

1. d4 d5 2. c4 e6 3. Nc3 c5 4. e3 Nf6 5. Nf3 Be7 6. Bd3 a6 7. O-O dxc4 8. Bxc4
b5 9. Bd3 Bb7 10. b3 Nbd7 11. Bb2 O-O 12. Qe2 Nd5 13. Nxd5 Bxd5 14. Rac1 Qb6
15. Ba1 Bf6 16. dxc5 Nxc5 17. Bxf6 Bxf3 18. Qxf3 gxf6 19. Bb1 f5 20. g4 Ne4 21.
gxf5 Nd2 22. Qh3 Kh8 23. f6 Rg8+ 24. Kh1 Nxb1 25. Rxb1 e5 26. Qf5 Qc6+ 27. f3
Rg6 28. Qxe5 Rag8 29. Rbc1 Rg1+ 0-1

[Event "Ïåðâåíñòâî Ìîñêâû ïî øàõìàòàì 2015 ñðåäè"]
[Site "Moscow"]
[Date "2015.11.15"]
[Round "4.9"]
[White "Âèíîêóð, Ëåîíèä."]
[Black "Äóäèí, Ãëåá."]
[Result "1/2-1/2"]
[WhiteElo "1625"]
[BlackElo "1776"]
[PlyCount "79"]
[EventDate "2015.11.12"]

1. Nf3 Nf6 2. g3 g6 3. Bg2 Bg7 4. O-O O-O 5. d4 d5 6. b3 c5 7. Bb2 Qc7 8. Nbd2
Nc6 9. e3 Bf5 10. h3 cxd4 11. Nxd4 Nxd4 12. Bxd4 Rfd8 13. Rc1 Ne4 14. Bxg7 Nxd2
15. Qxd2 Kxg7 16. Rfd1 Be6 17. Qd4+ f6 18. Rd2 b6 19. Rcd1 Bf7 20. Qb4 Qd6 21.
Qxd6 Rxd6 22. c4 Rad8 23. cxd5 f5 24. f3 Rxd5 25. Rxd5 Rxd5 26. Rxd5 Bxd5 27.
e4 fxe4 28. fxe4 Be6 29. e5 a5 30. g4 g5 31. Kf2 a4 32. bxa4 Bxa2 33. Bc6 Kf7
34. Bd7 Be6 35. Bc6 h5 36. gxh5 Bxh3 37. Kf3 Kg7 38. Be8 Bf5 39. Kg3 Kh6 40.
Kf3 1/2-1/2

[Event "Ïåðâåíñòâî Ìîñêâû ïî øàõìàòàì 2015 ñðåäè"]
[Site "Moscow"]
[Date "2015.11.15"]
[Round "4.10"]
[White "Î÷èðîâ, Ëèäæè."]
[Black "Æóêîâ, Àíòîí."]
[Result "0-1"]
[WhiteElo "1605"]
[BlackElo "1771"]
[PlyCount "108"]
[EventDate "2015.11.12"]

1. d4 Nf6 2. Bf4 e6 3. Nf3 c5 4. e3 Nc6 5. Bd3 d5 6. c3 Be7 7. Nbd2 O-O 8. Ne5
Bd7 9. Qf3 cxd4 10. exd4 Re8 11. Qh3 g6 12. g4 Bf8 13. Ndf3 Bg7 14. Bg5 Qe7 15.
Qh4 Rad8 16. Rg1 h6 17. Bxh6 Nxe5 18. dxe5 Nh7 19. Qxe7 Rxe7 20. Bxg7 Kxg7 21.
h4 Bc6 22. Ke2 Nf8 23. h5 Nd7 24. Rh1 Nc5 25. Bc2 d4 26. cxd4 Bxf3+ 27. Kxf3
Rxd4 28. Rad1 Red7 29. Rxd4 Rxd4 30. hxg6 fxg6 31. g5 Nd7 32. Ke3 Rb4 33. b3
Nxe5 34. f4 Nf7 35. Re1 Rb5 36. Kf3 e5 37. fxe5 Nxe5+ 38. Kf4 Nf7 39. Re7 Kf8
40. Re6 Rxg5 41. Rxg6 Rxg6 42. Bxg6 Nd6 43. Ke5 Ke7 44. a4 Kd7 45. Kd5 Kc7 46.
b4 Nc8 47. Bc2 Kb6 48. Bd3 Ne7+ 49. Kd6 Nc6 50. a5+ Nxa5 51. bxa5+ Kxa5 52. Kc5
a6 53. Bxa6 Kxa6 54. Kb4 Kb6 0-1